000 00444nam a22001811a 4500
020 _a9788126704477
_c0.00
040 _aSSUS - Library - Kalady
082 _aH3
_bMAD/S
100 _aMadhu Kankaria
245 _aSalam aakhiri
_h[Text]
260 _aNew Delhi
_bRajkamal
_c2002
300 _a191p.
600 _aNovel Hindi
600 _aLiterature Hindi
600 _aLiterature
852 _9150.00
_r
942 _cBK
999 _c39436
_d39436